The structure of scientific revolutions / (Record no. 8500)

MARC details
000 -LEADER
fixed length control field 01082cam a2200301 a 4500
001 - CONTROL NUMBER
control field 1161647
003 - CONTROL NUMBER IDENTIFIER
control field OSt
005 - DATE AND TIME OF LATEST TRANSACTION
control field 20240617085914.0
008 - FIXED-LENGTH DATA ELEMENTS--GENERAL INFORMATION
fixed length control field 960325s1996 ilu 001 0 eng
010 ## - LIBRARY OF CONGRESS CONTROL NUMBER
LC control number 96013195
020 ## - INTERNATIONAL STANDARD BOOK NUMBER
International Standard Book Number 0226458075 (cloth : alk. paper)
020 ## - INTERNATIONAL STANDARD BOOK NUMBER
International Standard Book Number 0226458083 (pbk. : alk. paper)
040 ## - CATALOGING SOURCE
Original cataloging agency DLC
Transcribing agency must
Modifying agency DLC
082 00 - DEWEY DECIMAL CLASSIFICATION NUMBER
Classification number 501 KUH 1996
Edition number 20
100 1# - MAIN ENTRY--PERSONAL NAME
Personal name Kuhn, Thomas S.
9 (RLIN) 17260
245 14 - TITLE STATEMENT
Title The structure of scientific revolutions /
Statement of responsibility, etc. Thomas S. Kuhn.
250 ## - EDITION STATEMENT
Edition statement 3rd ed.
260 ## - PUBLICATION, DISTRIBUTION, ETC. (IMPRINT)
Place of publication, distribution, etc. Chicago, IL :
Name of publisher, distributor, etc. University of Chicago Press,
Date of publication, distribution, etc. 1996.
300 ## - PHYSICAL DESCRIPTION
Extent xiv, 212 p. ;
Dimensions 22 cm.
500 ## - GENERAL NOTE
General note Includes index.
650 #0 - SUBJECT ADDED ENTRY--TOPICAL TERM
Topical term or geographic name as entry element Science
General subdivision Philosophy.
9 (RLIN) 3588
650 #0 - SUBJECT ADDED ENTRY--TOPICAL TERM
Topical term or geographic name as entry element Science
General subdivision History.
9 (RLIN) 13422
856 42 - ELECTRONIC LOCATION AND ACCESS
Materials specified Publisher description
Uniform Resource Identifier <a href="http://www.loc.gov/catdir/description/uchi051/96013195.html">http://www.loc.gov/catdir/description/uchi051/96013195.html</a>
856 41 - ELECTRONIC LOCATION AND ACCESS
Materials specified Table of contents
Uniform Resource Identifier <a href="http://www.loc.gov/catdir/toc/uchi051/96013195.html">http://www.loc.gov/catdir/toc/uchi051/96013195.html</a>
906 ## - LOCAL DATA ELEMENT F, LDF (RLIN)
a 7
b cbc
c orignew
d 1
e ocip
f 19
g y-gencatlg
942 ## - ADDED ENTRY ELEMENTS (KOHA)
Source of classification or shelving scheme Dewey Decimal Classification
Koha item type Open Shelf
Holdings
Withdrawn status Lost status Source of classification or shelving scheme Damaged status Not for loan Home library Current library Date acquired Source of acquisition Inventory number Total Checkouts Full call number Barcode Date last seen Price effective from Koha item type
    Other/Generic Classification Scheme     MUST Main Library MUST Main Library 17/06/2024 purchase 03/19759   501 KUH 1996 2024-20576 17/06/2024 17/06/2024 Open Shelf
    Other/Generic Classification Scheme     MUST Main Library MUST Main Library 17/06/2024 purchase 03/19758   501 KUH 1996 2024-20632 17/06/2024 17/06/2024 Open Shelf